Vocación y orientación

Saved in:
Bibliografiske detaljer
Hovedforfatter: Castillo Inzulza, Gabriel (Author)
Format: Bog
Sprog:spansk
Udgivet: Santiago Universitaria 1997
Udgivelse:3a. ed
Fag:
Tags: Tilføj Tag
Ingen Tags, Vær først til at tagge denne postø!

MARC

LEADER 00000nam a2200000 a 4500
001 UCP3644
003 CL-VaPUC
008 990702e19970000CL |||||||||||||||||spa|d
082 0 4 |a 371.42  |b CAS  |2 21 
100 0 |a Castillo Inzulza, Gabriel  |e author  |9 431030 
245 1 0 |a Vocación y orientación 
250 |a 3a. ed 
300 |a 102 p 
942 |c BK 
945 |d 19990702 00:00:00  |a vberengu 
260 |a Santiago  |b Universitaria  |c 1997 
650 0 |a Orientación vocacional  |9 255692 
650 0 |a Vocación  |9 328817 
650 7 |a FRUSTACION  |2 CL-VaPUC  |9 351236 
650 7 |a ORIENTACION EDUCACIONAL  |2 CL-VaPUC  |9 312512 
583 |a last modification  |c 19990702 00:00:00  |k Rodrigo Vera 
999 |c 281906  |d 281904 
952 |0 0  |1 0  |4 0  |6 371_420000000000000_CAS_1997  |7 0  |8 P  |9 323037  |a BIBEDU  |b BIBEDU  |c BIBEDU_PB  |d 2019-11-20  |i 3527735  |o 371.42 CAS 1997  |p 3527735  |r 2024-01-25  |w 2019-11-20  |y BK  |k EPE